000 00570nam a2200193 i 4500
001 85889
003 ES-MaACL
005 20240430105748.0
007 t|
008 041202s1974 sp ||||1| spa d
100 0 _aKafka, Franz,
_d1883-1924
_967400
245 1 0 _aDiarios
_b: (1910-1913) /
_cFranz Kafka ; [traducción Feliu Formosa].
250 _a[1ª ed.].
260 _a[Barcelona] :
_bLumen,
_c[1974]
300 _a310 p. ;
_c19 cm.
700 1 _aFormosa, Feliu,
_d1934-
_951759
852 _aES-MaACL
_jE-7143
_bR.91238
999 _c85889
_d85889